00622nam a2200145Ia 4500008004100000050002500041100002700066245011200093260008600205300002800291521002300319942000700342999001900349952010800368140724s9999 xx 000 0 und d aBF 1584b.Al325 2009 aAlba, Mario Ernesto A. 2aA video documentary on the persistence of talaandig tribe's beliefs and practices /cMario Ernesto A. Alba. aLas Piñas, Philippines :bSouthville International School and Colleges,cc2009. a72 p. :bill. ;c28 cm. aMass Communication cTH c228748d228748 001040aCLbCLcTHESESd2014-07-24l0oBF 1584 .Al325 2009pT0102r2018-05-15 00:00:00w2014-07-24yTH